[Event "34.Schlosspark-Open"]
[Site "Wiesbaden-Biebrich"]
[Date "2025.08.29"]
[Round "2.78"]
[White "Mrsic, Ivan"]
[Black "Piacentino, Mirco"]
[Result "0-1"]
[WhiteElo "1829"]
[BlackElo "1667"]
[PlyCount "72"]
[EventDate "2025.08.28"]
[WhiteTeam "Sfr.Mainz 1928"]
[BlackTeam "SV 1934 Ffm-Griesheim"]

1. e4 c6 2. d4 d5 3. f3 e6 4. e5 c5 5. c3 Nc6 6. Be3 Qb6 7. Qd2 cxd4 8. cxd4 Nge7 9. g4 Ng6 10. Bd3 Bd7 11. Nc3 Be7 12. Nge2 Nh4 13. O-O Ng6 14. Rac1 Qd8 15. f4 Nb4 16. Bb1 Rc8 17. f5 exf5 18. gxf5 Nh4 19. a4 Nc6 20. Ng3 Na5 21. Nxd5 Rxc1 22. Qxc1 Bc6 23. Nxe7 Qxe7 24. Bg5 Qd7 25. Qd1 Nf3+ 26. Rxf3 Bxf3 27. Qxf3 Qxd4+ 28. Be3 Qxb2 29. Qe4 O-O 30. f6 g6 31. Bd3 Re8 32. Bd4 Qc1+ 33. Bf1 Nc6 34. Be3 Qa3 35. Nf5 Rxe5 36. Qh4 Rxf5 0-1

[Event "34.Schlosspark-Open"]
[Site "Wiesbaden-Biebrich"]
[Date "2025.08.29"]
[Round "2.81"]
[White "Riedel, Thomas"]
[Black "Wolf, Helena"]
[Result "1-0"]
[WhiteElo "1825"]
[BlackElo "1622"]
[PlyCount "55"]
[EventDate "2025.08.28"]
[WhiteTeam "SC Einrich e.V."]
[BlackTeam "SK Bad Homburg 1927"]

1. e4 e5 2. Nf3 d6 3. d4 exd4 4. c3 dxc3 5. Bc4 Bg4 6. Qb3 Be6 7. Bxe6 fxe6 8. Nxc3 Nd7 9. Be3 b6 10. Ng5 c6 11. Nxe6 Qc8 12. Rc1 Nc5 13. Bxc5 bxc5 14. Qa4 Nf6 15. O-O Kf7 16. Ng5+ Ke8 17. f4 h6 18. Ne6 Kf7 19. f5 Be7 20. Qc4 Ke8 21. Nxg7+ Kf8 22. Ne6+ Ke8 23. Ne2 Rb8 24. N2f4 Rb4 25. Ng7+ Kd8 26. Nfe6+ Kd7 27. Qd3 Rxe4 28. Nxc5+ 1-0

[Event "34.Schlosspark-Open"]
[Site "Wiesbaden-Biebrich"]
[Date "2025.08.29"]
[Round "2.82"]
[White "Cimicky, Václav"]
[Black "Brandt, Michael"]
[Result "1-0"]
[WhiteElo "1620"]
[BlackElo "1817"]
[PlyCount "89"]
[EventDate "2025.08.28"]
[WhiteTeam "Sfr Stiller Zug Wiesbaden"]
[BlackTeam "FT Schierstein"]

1. e4 d5 2. Nc3 dxe4 3. Nxe4 Bf5 4. Ng3 Bg6 5. Nf3 Nf6 6. Ne5 e6 7. Nxg6 hxg6 8. Qf3 Qd5 9. Be2 Nbd7 10. c4 Qxf3 11. Bxf3 c6 12. d4 Bb4+ 13. Bd2 Bxd2+ 14. Kxd2 O-O-O 15. Kc3 Nb6 16. b3 Rhe8 17. Rhe1 Re7 18. a4 a5 19. Re5 Red7 20. Ne2 Ne8 21. Rxa5 Nc7 22. Rg5 Kb8 23. h4 Nc8 24. h5 Ne7 25. hxg6 f6 26. Rg4 Rh8 27. b4 Rh6 28. b5 cxb5 29. axb5 Rxg6 30. Rh4 Rh6 31. Rxh6 gxh6 32. Nf4 Nf5 33. d5 Ng7 34. dxe6 Ncxe6 35. Nxe6 Nxe6 36. Bg4 Rd6 37. Rh1 Nc5 38. Bf5 Kc7 39. Rxh6 Nd7 40. Rh7 Kd8 41. Rxd7+ Rxd7 42. Bxd7 Kxd7 43. Kd4 Kd6 44. c5+ Kd7 45. Kd5 1-0

[Event "34.Schlosspark-Open"]
[Site "Wiesbaden-Biebrich"]
[Date "2025.08.29"]
[Round "2.83"]
[White "Schmitz, Bernhard Hubert"]
[Black "Mehlen, Theodor"]
[Result "1/2-1/2"]
[WhiteElo "1598"]
[BlackElo "1813"]
[PlyCount "31"]
[EventDate "2025.08.28"]
[WhiteTeam "Vorw.Orient Mainz"]
[BlackTeam "SC Matt im Park Ffm"]

1. d4 d5 2. c4 e6 3. Nf3 Nf6 4. Nc3 Be7 5. Bf4 O-O 6. e3 Nh5 7. Bg3 Nd7 8. cxd5 Ndf6 9. dxe6 Bxe6 10. Be5 Nd7 11. Bd3 Nxe5 12. Nxe5 Nf6 13. O-O c5 14. dxc5 Bxc5 15. a3 a6 16. b4 1/2-1/2

[Event "34.Schlosspark-Open"]
[Site "Wiesbaden-Biebrich"]
[Date "2025.08.29"]
[Round "2.85"]
[White "Chen, Lilly"]
[Black "Gärtner, David"]
[Result "0-1"]
[WhiteElo "1567"]
[BlackElo "1809"]
[PlyCount "131"]
[EventDate "2025.08.28"]
[WhiteTeam "Sfr Stiller Zug Wiesbaden"]
[BlackTeam "Sfr.Mainz 1928"]

1. Nf3 Nf6 2. c4 e6 3. e3 d5 4. b3 Bd6 5. Ba3 Bxa3 6. Nxa3 O-O 7. Be2 Nbd7 8. O-O b6 9. d4 Bb7 10. Rc1 a6 11. c5 bxc5 12. dxc5 c6 13. b4 Qe7 14. Nc2 a5 15. a3 e5 16. Nd2 Ba6 17. Nb3 Bxe2 18. Qxe2 axb4 19. axb4 Ne4 20. Na5 Qe6 21. Qd3 Rfb8 22. f3 Nexc5 23. Qc3 Na6 24. Qxc6 Rc8 25. Qxe6 fxe6 26. b5 Nc7 27. Nc6 Kf7 28. Rb1 Nxb5 29. Rxb5 Rxc6 30. Nb4 Rc7 31. Nd3 Ra2 32. Rf2 Ra1+ 33. Rf1 Ra2 34. Rf2 Ra3 35. Rd2 Kf6 36. e4 d4 37. f4 exf4 38. Nxf4 Rc1+ 39. Kf2 e5 40. Nd5+ Kg5 41. Rb7 Nc5 42. Rxg7+ Kh6 43. Rg4 d3 44. Nb4 Rb3 45. Nd5 Rc2 46. Ke3 Rb1 47. Rh4+ Kg5 48. Rxh7 Re1+ 49. Kf2 Nxe4+ 50. Kxe1 Rxd2 51. Rg7+ Kf5 52. Ne3+ Kf6 53. Rg4 Re2+ 54. Kd1 Rxe3 55. Rxe4 Rxe4 56. Kd2 Rd4 57. g3 e4 58. h4 Kf5 59. h5 Kg4 60. h6 Kf3 61. h7 e3+ 62. Kd1 Rb4 63. Kc1 d2+ 64. Kc2 Ke2 65. h8=Q d1=Q+ 66. Kc3 0-1

[Event "34.Schlosspark-Open"]
[Site "Wiesbaden-Biebrich"]
[Date "2025.08.29"]
[Round "2.86"]
[White "Shtogrin, Joseph Stephan"]
[Black "Rabiya, Karim"]
[Result "1-0"]
[WhiteElo "1483"]
[BlackElo "1800"]
[PlyCount "89"]
[EventDate "2025.08.28"]
[WhiteTeam "SAbt TuS Makkabi Ffm"]
[BlackTeam "SK Niederbrechen 1948"]

1. d4 d6 2. Nf3 g6 3. Bf4 f5 4. e3 Bg7 5. c3 Nh6 6. Qb3 Nf7 7. Bc4 Rf8 8. O-O Nc6 9. Nbd2 Na5 10. Qa4+ c6 11. Bxf7+ Kxf7 12. b4 e5 13. dxe5 dxe5 14. Bxe5 Bxe5 15. Nxe5+ Kf6 16. Nef3 g5 17. Qxa5 Qxa5 18. bxa5 c5 19. e4 g4 20. e5+ Kg6 21. Nh4+ Kg5 22. g3 Be6 23. f4+ Kh6 24. Nb3 b6 25. axb6 axb6 26. Rfd1 Rfd8 27. Kf2 Rxd1 28. Rxd1 Rxa2+ 29. Ke3 Bxb3 30. Rd6+ Kg7 31. Nxf5+ Kf7 32. Rf6+ Ke8 33. Rxb6 Bd5 34. e6 Bxe6 35. Rxe6+ Kf7 36. Re7+ Kg6 37. Rxh7 Kxf5 38. Kd3 Ke6 39. Rh4 Kd5 40. Rxg4 Rxh2 41. Rg5+ Kd6 42. Kc4 Rc2 43. Rd5+ Ke6 44. Rxc5 Rg2 45. Rg5 1-0

[Event "34.Schlosspark-Open"]
[Site "Wiesbaden-Biebrich"]
[Date "2025.08.29"]
[Round "2.87"]
[White "Schellen, Sven"]
[Black "Wolf, Aurelia"]
[Result "1-0"]
[WhiteElo "1806"]
[BlackElo "1589"]
[PlyCount "39"]
[EventDate "2025.08.28"]
[WhiteTeam "SV Frankfurt Nord 1926"]
[BlackTeam "SK Bad Homburg 1927"]

1. e4 e5 2. Bc4 Nc6 3. f4 exf4 4. d4 Qh4+ 5. Kf1 d6 6. c3 Nh6 7. Qf3 Bg4 8. Qxf4 O-O-O 9. Nf3 Qh5 10. Qg3 g6 11. Bg5 Re8 12. Bf6 Rg8 13. Nbd2 g5 14. Re1 Rg6 15. e5 Nf5 16. Qf2 dxe5 17. Bxf7 Rd8 18. Bxd8 Kxd8 19. Nxe5 Nxe5 20. Rxe5 1-0

[Event "34.Schlosspark-Open"]
[Site "Wiesbaden-Biebrich"]
[Date "2025.08.29"]
[Round "2.88"]
[White "Schmidt, Jörg"]
[Black "Luber, Maximilian"]
[Result "1-0"]
[WhiteElo "1800"]
[BlackElo "1518"]
[PlyCount "45"]
[EventDate "2025.08.28"]
[WhiteTeam "SK Niederbrechen 1948"]
[BlackTeam "SK Schwandorf"]

1. d4 d5 2. c3 e6 3. Nd2 Nf6 4. e3 Bd6 5. Bd3 O-O 6. e4 dxe4 7. Nxe4 Nbd7 8. Nxd6 cxd6 9. Nf3 Re8 10. O-O e5 11. dxe5 dxe5 12. Bc2 e4 13. Nd4 Nc5 14. Bg5 Qd6 15. Nb5 Qc6 16. Bxf6 Qxb5 17. Bd4 Re6 18. a4 Qc6 19. h4 Nd7 20. Re1 Nf6 21. Bxf6 Rxf6 22. Qd8+ Qe8 23. Qxe8# 1-0

[Event "34.Schlosspark-Open"]
[Site "Wiesbaden-Biebrich"]
[Date "2025.08.29"]
[Round "2.90"]
[White "Geyler, Stefan"]
[Black "Pfaff, Helmut"]
[Result "1-0"]
[WhiteElo "1797"]
[BlackElo "1493"]
[PlyCount "77"]
[EventDate "2025.08.28"]
[WhiteTeam "BSG 1827 Eckbauer e.V."]
[BlackTeam "Vorw.Orient Mainz"]

1. e4 e5 2. Nf3 Nc6 3. Nc3 Nf6 4. Bb5 Be7 5. d4 d6 6. dxe5 dxe5 7. Qxd8+ Bxd8 8. Nxe5 Nd7 9. Nxc6 bxc6 10. Bxc6 Rb8 11. O-O O-O 12. Rd1 Ne5 13. Ba4 Rb6 14. Bf4 Nc4 15. Rxd8 c6 16. Rxf8+ Kxf8 17. Bb3 Be6 18. Bxc4 Bxc4 19. b3 Be6 20. Rd1 Ke8 21. f3 f5 22. Rd2 Rb7 23. Na4 Rd7 24. Rxd7 Bxd7 25. Nc5 fxe4 26. Nxd7 Kxd7 27. fxe4 c5 28. Kf2 Ke6 29. c4 h6 30. Be5 g6 31. Kf3 Ke7 32. Kg4 Ke6 33. Bg7 h5+ 34. Kg5 Kf7 35. Bb2 a6 36. Ba3 Kg7 37. Bxc5 h4 38. Bd4+ Kh7 39. c5 1-0

[Event "34.Schlosspark-Open"]
[Site "Wiesbaden-Biebrich"]
[Date "2025.08.29"]
[Round "2.92"]
[White "Färber, Anna"]
[Black "Hafner, Hans-Peter"]
[Result "1-0"]
[WhiteElo "1781"]
[BlackElo "1458"]
[PlyCount "31"]
[EventDate "2025.08.28"]
[WhiteTeam "SV 1947 Walldorf"]
[BlackTeam "Sfr.Mainz 1928"]

1. e4 c6 2. d4 d5 3. e5 Bf5 4. h4 e6 5. g4 Be4 6. f3 Bxf3 7. Qxf3 Nd7 8. Bd3 Qb6 9. Ne2 Be7 10. Nd2 f6 11. exf6 gxf6 12. g5 e5 13. Qh5+ Kd8 14. g6 h6 15. g7 Rh7 16. Bxh7 1-0

[Event "34.Schlosspark-Open"]
[Site "Wiesbaden-Biebrich"]
[Date "2025.08.30"]
[Round "4.1"]
[White "Kollars, Dmitrij"]
[Black "Perske, Paul"]
[Result "1-0"]
[WhiteElo "2644"]
[BlackElo "2183"]
[PlyCount "49"]
[EventDate "2025.08.28"]
[WhiteTeam "SF Deizisau"]
[BlackTeam "Sfr.Heidesheim"]

1. e4 e5 2. Nf3 Nc6 3. Bc4 Nf6 4. d3 Bc5 5. a4 a6 6. O-O d6 7. a5 O-O 8. c3 Ba7 9. Be3 Bxe3 10. fxe3 Ne7 11. Nbd2 c6 12. d4 Ng6 13. b3 exd4 14. exd4 d5 15. exd5 Nxd5 16. Re1 Ngf4 17. Ne4 Bf5 18. Qd2 Re8 19. Nc5 Qc7 20. Ne5 Kh8 21. Nxf7+ Qxf7 22. Qxf4 Qg6 23. Bxd5 cxd5 24. Rxe8+ Rxe8 25. Rf1 1-0

[Event "34.Schlosspark-Open"]
[Site "Wiesbaden-Biebrich"]
[Date "2025.08.30"]
[Round "4.2"]
[White "Milov, Leonid"]
[Black "Dörr, Tarik"]
[Result "1-0"]
[WhiteElo "2390"]
[BlackElo "2010"]
[PlyCount "49"]
[EventDate "2025.08.28"]
[WhiteTeam "SC Noris-Tarrasch Nürnberg 1873"]
[BlackTeam "SC Einrich e.V."]

1. c4 Nf6 2. g3 g6 3. Bg2 c5 4. Nf3 Bg7 5. O-O O-O 6. Nc3 d5 7. d3 Nc6 8. Bg5 dxc4 9. dxc4 Be6 10. b3 Qa5 11. Bd2 Qc7 12. Qc1 Nd4 13. Bf4 Qa5 14. Nxd4 cxd4 15. Nb5 Nh5 16. Bh6 Qb6 17. Bxg7 Nxg7 18. Qf4 Rad8 19. Rfd1 Bc8 20. Nxd4 e5 21. Qxe5 Rfe8 22. Qf4 g5 23. Qd2 Ne6 24. Bd5 Nxd4 25. Qxd4 1-0

[Event "34.Schlosspark-Open"]
[Site "Wiesbaden-Biebrich"]
[Date "2025.08.30"]
[Round "4.3"]
[White "Stork, Christopher"]
[Black "Chassard, Cedric"]
[Result "0-1"]
[WhiteElo "2114"]
[BlackElo "2208"]
[PlyCount "76"]
[EventDate "2025.08.28"]
[WhiteTeam "SV Oberursel"]
[BlackTeam "TSV Schott Mainz"]

{[%evp 0,76,23,-16,6,-14,-16,-21,0,6,15,-23,-6,-1,6,6,5,9,13,7,37,-2,-2,-2,32,31,55,24,75,17,55,47,66,-6,39,-13,41,8,29,32,67,-50,25,-62,-19,-24,36,20,15,-18,44,-32,13,-43,-45,-131,-121,-175,-135,-364,-405,-402,-402,-409,-565,-566,-591,-694,-1243,-1243,-1032,-1032,-789,-789,-809,-809,-657,-966,-966]} 1. c4 e6 2. Nc3 d5 3. e3 Nf6 4. Nf3 Bd6 5. b3 O-O 6. Bb2 Nc6 7. Rc1 dxc4 8. Bxc4 e5 9. Nb5 e4 10. Nfd4 Nxd4 11. Bxd4 c5 12. Bxf6 Qxf6 13. Qc2 Be5 14. Bd5 Bf5 15. Bxe4 Bxe4 16. Qxe4 Rfe8 17. Qc4 Rac8 18. Nc3 a6 19. a4 Rcd8 20. f4 Qc6 21. Rg1 Qd7 22. Rd1 Bd4 23. Kf2 Qf5 24. g3 Bf6 25. Rge1 h5 26. Kg1 h4 27. e4 Qg4 28. e5 hxg3 29. exf6 gxh2+ 30. Kxh2 Rxe1 31. Rxe1 Qh4+ 32. Kg2 Qxe1 33. fxg7 Rxd2+ 34. Kf3 Rf2+ 35. Kg4 Qg1+ 36. Kf5 Qg6+ 37. Ke5 Qxg7+ 38. Kf5 Rc2 0-1

[Event "34.Schlosspark-Open"]
[Site "Wiesbaden-Biebrich"]
[Date "2025.08.30"]
[Round "4.4"]
[White "Pradeep, Harshill"]
[Black "Poetsch, Hagen"]
[Result "0-1"]
[WhiteElo "1981"]
[BlackElo "2479"]
[PlyCount "70"]
[EventDate "2025.08.28"]
[WhiteTeam "SK Bickenbach"]
[BlackTeam "SC Heusenstamm"]

{[%evp 0,70,23,31,58,37,72,25,25,26,26,25,20,34,24,3,35,-39,-15,-35,18,17,19,3,7,-10,-22,-21,-29,-30,-7,-5,0,-22,-40,-96,-100,-88,-74,-74,-83,-109,-108,-121,-118,-118,-72,-69,-87,-85,-90,-104,-102,-102,-106,-121,-87,-142,-129,-153,-118,-195,-192,-795,-872,-886,-937,-1531,-1574,-29985,-29986,-29987,-29988]} 1. e4 e6 2. d4 d5 3. exd5 exd5 4. Nf3 Bd6 5. Bd3 Ne7 6. O-O O-O 7. Bg5 Bg4 8. Bh4 Nbc6 9. Nc3 Qd7 10. Bxe7 Nxe7 11. h3 Bf5 12. Re1 c6 13. Ne2 Ng6 14. Ng3 Bxg3 15. fxg3 Rae8 16. Qd2 Be4 17. Ne5 Nxe5 18. dxe5 Qf5 19. Bxe4 dxe4 20. Qb4 Qxe5 21. Qxb7 Qc5+ 22. Kh2 Rb8 23. b4 Rxb7 24. bxc5 f5 25. Re3 Rb2 26. Ra3 Rf7 27. Rd1 Re7 28. Rd2 Rb5 29. Rc3 Re5 30. Rd7 e3 31. Rxa7 e2 32. Rd3 e1=Q 33. Rdd7 Rb1 34. Rxg7+ Kf8 35. Rgf7+ Ke8 0-1

[Event "34.Schlosspark-Open"]
[Site "Wiesbaden-Biebrich"]
[Date "2025.08.30"]
[Round "4.5"]
[White "Klein, Levent"]
[Black "Baranyai-Molnar, Adam"]
[Result "1/2-1/2"]
[WhiteElo "2107"]
[BlackElo "2278"]
[PlyCount "39"]
[EventDate "2025.08.28"]
[WhiteTeam "SK Kaiserslautern 1905"]
[BlackTeam "SF Neuberg"]

1. d4 Nf6 2. Nf3 e6 3. c4 c5 4. d5 b5 5. dxe6 fxe6 6. cxb5 d5 7. g3 a6 8. bxa6 Bd6 9. Bg2 O-O 10. O-O Nc6 11. Nc3 Bxa6 12. Bg5 Qe8 13. Re1 Bc7 14. Rc1 Ba5 15. Bd2 Qh5 16. Na4 Bxd2 17. Qxd2 Ne4 18. Qd1 Ne5 19. Nxc5 Ng4 20. Nxe4 1/2-1/2

[Event "34.Schlosspark-Open"]
[Site "Wiesbaden-Biebrich"]
[Date "2025.08.30"]
[Round "4.6"]
[White "Engel, Bruno"]
[Black "Stephanblome, Felix"]
[Result "1/2-1/2"]
[WhiteElo "2192"]
[BlackElo "2116"]
[PlyCount "45"]
[EventDate "2025.08.28"]
[WhiteTeam "Lübecker SV von 1873"]
[BlackTeam "SV 1934 Ffm-Griesheim"]

1. d4 d5 2. c4 e6 3. Nc3 Nf6 4. cxd5 exd5 5. Bg5 c6 6. e3 h6 7. Bh4 Be7 8. Bd3 O-O 9. Bg3 Re8 10. h3 Bd6 11. Bxd6 Qxd6 12. Nf3 Ne4 13. Bxe4 dxe4 14. Ne5 Nd7 15. Nxd7 Bxd7 16. O-O f5 17. d5 cxd5 18. Qxd5+ Qxd5 19. Nxd5 Rac8 20. Rfd1 Be6 21. Rd2 Kf7 22. Rad1 Red8 23. Nc3 1/2-1/2

[Event "34.Schlosspark-Open"]
[Site "Wiesbaden-Biebrich"]
[Date "2025.08.30"]
[Round "4.7"]
[White "Boidman, Yuri"]
[Black "Dietze, Frank"]
[Result "1-0"]
[WhiteElo "2250"]
[BlackElo "2083"]
[PlyCount "93"]
[EventDate "2025.08.28"]
[WhiteTeam "SC Heimbach-Weis/Neuwied e.V."]
[BlackTeam "Wiesbadener SV 1885"]

{[%evp 0,93,23,23,86,34,86,86,86,74,62,62,61,29,29,24,36,42,29,5,0,-3,1,-11,-14,-38,-25,-26,-34,-14,-14,-7,4,5,8,20,25,26,39,33,53,70,217,171,171,113,102,111,145,144,144,140,143,50,48,56,168,145,145,157,147,116,160,111,113,103,103,96,102,102,113,113,113,113,138,50,0,46,56,65,69,80,99,117,105,99,116,112,148,89,77,84,221,262,360,380]} 1. e4 c5 2. Nf3 d6 3. d4 cxd4 4. Qxd4 Nc6 5. Bb5 Bd7 6. Bxc6 Bxc6 7. Nc3 Nf6 8. Bg5 e6 9. O-O-O Be7 10. Qd3 Qa5 11. h4 h6 12. Bd2 Qa6 13. Nd4 Qxd3 14. cxd3 Bd7 15. f3 Rc8 16. Kb1 h5 17. Bg5 a6 18. Nc2 b5 19. d4 Rc7 20. e5 Nh7 21. Bxe7 Kxe7 22. exd6+ Kxd6 23. d5 Nf6 24. dxe6+ Kxe6 25. Rhe1+ Kf5 26. Nd5 Nxd5 27. Rxd5+ Kf6 28. Rd6+ Be6 29. Nd4 Re8 30. Rxa6 b4 31. Rb6 Rc4 32. Nxe6 Rxe6 33. Rexe6+ fxe6 34. g3 g6 35. b3 Rc3 36. Rxb4 Rxf3 37. g4 Rf1+ 38. Kb2 Rf2+ 39. Ka3 hxg4 40. Rxg4 e5 41. b4 Rf4 42. Rg1 e4 43. b5 Rxh4 44. b6 e3 45. Kb3 Rd4 46. a4 e2 47. b7 1-0

[Event "34.Schlosspark-Open"]
[Site "Wiesbaden-Biebrich"]
[Date "2025.08.30"]
[Round "4.9"]
[White "Musiienko, Platon"]
[Black "Weber, Samuel"]
[Result "0-1"]
[WhiteElo "2083"]
[BlackElo "2239"]
[PlyCount "108"]
[EventDate "2025.08.28"]
[WhiteTeam "Wiesbadener SV 1885"]
[BlackTeam "SV Oberursel"]

{[%evp 0,108,23,18,72,69,70,22,37,25,25,29,64,39,64,26,41,41,51,38,52,45,49,38,65,55,42,42,40,40,33,-20,11,-19,-31,-52,-48,-40,-37,-59,-58,-56,-47,-34,-27,-36,-22,-28,-17,-16,5,-19,11,-19,89,61,87,-31,136,8,376,67,79,-13,-17,-22,30,31,0,16,-2,4,4,45,49,28,12,25,-12,14,14,-25,-6,-23,-23,-52,-39,-48,-43,-121,-121,-121,-113,-108,-100,-265,-203,-233,-234,-268,-230,-207,-235,-219,-210,-1269,-1269,-1269,-1299,-29957,-29958]} 1. e4 c6 2. Nc3 d5 3. Nf3 dxe4 4. Nxe4 Nf6 5. Qe2 Na6 6. d3 Nxe4 7. dxe4 g6 8. c3 Bg7 9. Qc2 O-O 10. Be3 Bg4 11. Be2 e5 12. O-O Nc7 13. Rfd1 Qe7 14. h3 Be6 15. Nd2 Rfd8 16. Nb3 b6 17. a4 f5 18. exf5 gxf5 19. Rxd8+ Rxd8 20. Rd1 Rf8 21. Bc1 Nd5 22. Nd2 Bh6 23. Nf3 Bxc1 24. Qxc1 Nf4 25. Bf1 Qg7 26. Kh2 Bf7 27. Qe3 Ng6 28. Qg5 Kh8 29. Nh4 Ne7 30. Qxg7+ Kxg7 31. c4 Be6 32. Nf3 Kf6 33. Rd6 c5 34. Ng5 Kxg5 35. Rxe6 Ng6 36. g3 Rd8 37. h4+ Kh6 38. a5 Rd2 39. axb6 axb6 40. Rxb6 Rxf2+ 41. Kg1 Rd2 42. b4 cxb4 43. Rxb4 e4 44. Rb5 e3 45. Rxf5 e2 46. Bxe2 Rxe2 47. g4 Re4 48. Rg5 Rxc4 49. Kf2 Re4 50. Kg3 Re3+ 51. Kh2 Re2+ 52. Kg3 Rg2+ 53. Kxg2 Nxh4+ 54. Kh3 Kxg5 0-1

[Event "34.Schlosspark-Open"]
[Site "Wiesbaden-Biebrich"]
[Date "2025.08.30"]
[Round "4.10"]
[White "Helmer, Jan"]
[Black "Weber, Nikita"]
[Result "1-0"]
[WhiteElo "2231"]
[BlackElo "2082"]
[PlyCount "69"]
[EventDate "2025.08.28"]
[WhiteTeam "HSK Lister Turm"]
[BlackTeam "Vorw.Orient Mainz"]

{[%evp 0,69,26,21,28,-16,45,20,25,35,49,64,54,36,52,47,84,49,57,40,35,35,76,29,74,51,66,49,30,25,25,16,32,32,48,40,40,-6,124,113,113,113,113,113,113,113,113,113,113,114,113,121,126,117,122,105,122,110,101,100,100,65,65,67,66,66,162,162,153,196,198,239]} 1. d4 e6 2. c4 f5 3. g3 Nf6 4. Bg2 Be7 5. Nf3 d5 6. O-O Ne4 7. Nc3 c6 8. Be3 Nd7 9. Qc1 O-O 10. Rd1 Bf6 11. Bh3 Nxc3 12. Qxc3 g5 13. Ne5 Nxe5 14. dxe5 Be7 15. b4 Qe8 16. Bg2 Bd7 17. Qd2 Qg6 18. Bc5 Qg7 19. cxd5 Bxc5 20. bxc5 cxd5 21. Bxd5 exd5 22. Qxd5+ Rf7 23. e6 Bxe6 24. Qxe6 Qf6 25. Qxf6 Rxf6 26. Rd7 Rf7 27. Rad1 Raf8 28. f3 Rxd7 29. Rxd7 Rf7 30. Rxf7 Kxf7 31. e4 Ke6 32. Kf2 f4 33. gxf4 gxf4 34. Ke2 h5 35. Kd3 1-0

[Event "34.Schlosspark-Open"]
[Site "Wiesbaden-Biebrich"]
[Date "2025.08.30"]
[Round "4.11"]
[White "Geltz, Noah"]
[Black "Burkart, Lloyd Shang"]
[Result "1-0"]
[WhiteElo "2169"]
[BlackElo "2080"]
[PlyCount "47"]
[EventDate "2025.08.28"]
[WhiteTeam "SF HN-Biberach 1978 e.V."]
[BlackTeam "SV 1920 Hofheim"]

{[%evp 0,47,16,21,23,15,35,33,75,27,92,25,62,30,33,17,66,56,15,26,16,29,13,26,20,29,15,8,3,0,0,-17,0,0,13,1,-3,3,7,0,-16,15,186,184,255,280,523,557,527,527]} 1. d4 Nf6 2. Bf4 d5 3. Nf3 c5 4. e3 e6 5. Nbd2 Qb6 6. Rb1 Bd6 7. dxc5 Qxc5 8. b4 Qc7 9. Bxd6 Qxd6 10. c4 O-O 11. Be2 b6 12. O-O Nbd7 13. cxd5 Nxd5 14. Qb3 Bb7 15. Nd4 Qe7 16. a3 Rac8 17. Rfc1 Rfd8 18. Nc4 Qg5 19. Bf3 N7f6 20. g3 e5 21. h4 Qh6 22. Nxe5 Rxc1+ 23. Rxc1 Re8 24. Nf5 1-0

[Event "34.Schlosspark-Open"]
[Site "Wiesbaden-Biebrich"]
[Date "2025.08.30"]
[Round "4.12"]
[White "Musiienko, Tymur"]
[Black "Regis, Georg"]
[Result "0-1"]
[WhiteElo "2202"]
[BlackElo "2074"]
[PlyCount "96"]
[EventDate "2025.08.28"]
[WhiteTeam "Wiesbadener SV 1885"]
[BlackTeam "Vorw.Orient Mainz"]

1. e4 c6 2. d4 d5 3. e5 Bf5 4. h4 h5 5. Bd3 Bxd3 6. Qxd3 e6 7. Bg5 Be7 8. Nf3 Nh6 9. Nc3 Nf5 10. Ne2 Nd7 11. Ng3 g6 12. Nxf5 gxf5 13. O-O Nf8 14. g3 Ng6 15. b3 Bxg5 16. Nxg5 Qd7 17. Rfe1 Kf8 18. c4 Kg7 19. c5 b6 20. Rec1 b5 21. b4 Rhb8 22. Qd1 Kh6 23. a4 a5 24. bxa5 Rxa5 25. Qd2 Rxa4 26. Rxa4 bxa4 27. Nxe6+ Kh7 28. Ng5+ Kg7 29. Ra1 f4 30. e6 fxe6 31. Qe2 fxg3 32. fxg3 e5 33. Rf1 Qg4 34. Rf7+ Kg8 35. Kg2 Nf4+ 36. Kh2 a3 37. Qe1 Rb2+ 38. Kh1 a2 39. Rg7+ Kh8 40. Rh7+ Kg8 41. Rg7+ Kxg7 42. Qxe5+ Kf8 43. Qh8+ Ke7 44. Qh7+ Ke8 45. Qf7+ Kd8 46. Qf6+ Kc7 47. Qf7+ Qd7 48. Ne6+ Nxe6 0-1

[Event "34.Schlosspark-Open"]
[Site "Wiesbaden-Biebrich"]
[Date "2025.08.30"]
[Round "4.14"]
[White "Khenkin, Igor"]
[Black "Nagel, Bernhard"]
[Result "1-0"]
[WhiteElo "2499"]
[BlackElo "2148"]
[PlyCount "117"]
[EventDate "2025.08.28"]
[WhiteTeam "Wiesbadener SV 1885"]
[BlackTeam "Kölner Schachklub Dr. Lasker 186"]

1. Nf3 d5 2. g3 Nf6 3. Bg2 e6 4. O-O Be7 5. d3 Nc6 6. Bf4 Bd6 7. Bxd6 Qxd6 8. c4 O-O 9. cxd5 exd5 10. d4 Ne7 11. Nc3 c6 12. Ne5 Ng4 13. Nd3 Qh6 14. h3 Nf6 15. Qc1 Qxc1 16. Raxc1 Nf5 17. e3 a5 18. Rfe1 Nd6 19. f3 Rd8 20. e4 dxe4 21. fxe4 Nc4 22. e5 Ne8 23. d5 cxd5 24. Nxd5 Be6 25. N5f4 Bf5 26. Nc5 g5 27. Rxc4 gxf4 28. Rxf4 Bg6 29. Nxb7 Rd2 30. Rf2 Rd4 31. e6 Ra6 32. Nc5 Ra7 33. Bc6 Rd8 34. Ba4 Rc8 35. Nd7 fxe6 36. Rxe6 Ng7 37. Re5 Rd8 38. Nc5 Bf7 39. Bb3 Bxb3 40. Nxb3 a4 41. Nc5 a3 42. b4 Rd1+ 43. Kg2 Rb1 44. Rd5 h5 45. Nd3 Rc7 46. h4 Rd1 47. Nf4 Rb1 48. Nxh5 Nxh5 49. Rxh5 Rxb4 50. Ra5 Rc3 51. Ra7 Rc6 52. Kh3 Rc3 53. Rg2 Rb1 54. Re2 Kf8 55. Rf2+ Kg8 56. Rf5 Rh1+ 57. Kg4 Ra1 58. Rg5+ Kf8 59. Rb5 1-0

[Event "34.Schlosspark-Open"]
[Site "Wiesbaden-Biebrich"]
[Date "2025.08.30"]
[Round "4.15"]
[White "Masius, Patrick"]
[Black "Derr, Oleg"]
[Result "1/2-1/2"]
[WhiteElo "1956"]
[BlackElo "2146"]
[PlyCount "84"]
[EventDate "2025.08.28"]
[WhiteTeam "VfR-SC Koblenz"]
[BlackTeam "VSG 1880 Offenbach"]

1. c4 e6 2. g3 Nf6 3. Bg2 d5 4. Nf3 Bd6 5. d4 O-O 6. O-O Nc6 7. Nc3 dxc4 8. Qa4 e5 9. Qxc4 exd4 10. Nxd4 Ne5 11. Qb3 c6 12. Bg5 h6 13. Bxf6 Qxf6 14. Ne4 Qe7 15. Nxd6 Qxd6 16. Rfd1 Qe7 17. Rac1 Rd8 18. Qe3 Qf6 19. Nf3 Nxf3+ 20. Qxf3 Qe7 21. Qe4 Be6 22. Bh3 Qf6 23. Bxe6 Qxe6 24. Qxe6 fxe6 25. e4 Kf7 26. f4 Ke7 27. Kf2 Rxd1 28. Rxd1 Rd8 29. Rxd8 Kxd8 30. Ke3 c5 31. g4 Ke7 32. h4 g6 33. Kd3 b5 34. a4 a6 35. axb5 axb5 36. Kc3 Kd6 37. Kd3 h5 38. g5 Ke7 39. Kc3 Kd6 40. Kd3 Ke7 41. Kc3 Kd6 42. Kd3 Ke7 1/2-1/2

[Event "34.Schlosspark-Open"]
[Site "Wiesbaden-Biebrich"]
[Date "2025.08.30"]
[Round "4.17"]
[White "Eveleens, Wim"]
[Black "Pucher, Sebastien"]
[Result "1/2-1/2"]
[WhiteElo "1984"]
[BlackElo "2257"]
[PlyCount "52"]
[EventDate "2025.08.28"]
[WhiteTeam "S.V.De Amstel"]
[BlackTeam "Metz"]

1. c4 c5 2. g3 g6 3. Bg2 Bg7 4. Nc3 Nc6 5. d3 d6 6. e4 Nf6 7. Nge2 O-O 8. h3 Nd7 9. O-O a6 10. Bg5 Rb8 11. a4 h6 12. Be3 Nd4 13. Rb1 b6 14. f4 f5 15. Bf2 Bb7 16. exf5 Bxg2 17. Kxg2 gxf5 18. Nxd4 cxd4 19. Na2 a5 20. b4 Qc7 21. Qf3 e6 22. Rfe1 Rfe8 23. Rb2 Qa7 24. Rbe2 Nf8 25. b5 Qa8 26. Nc1 Kf7 1/2-1/2

[Event "34.Schlosspark-Open"]
[Site "Wiesbaden-Biebrich"]
[Date "2025.08.30"]
[Round "4.19"]
[White "Trenz, Finn"]
[Black "Kersten, Uwe"]
[Result "0-1"]
[WhiteElo "1932"]
[BlackElo "2169"]
[PlyCount "38"]
[EventDate "2025.08.28"]
[WhiteTeam "SV Multatuli Ingelheim e.V."]
[BlackTeam "Sfr. Wolfhagen e. V."]

1. e4 c5 2. a3 e6 3. b4 b6 4. bxc5 bxc5 5. Nf3 Bb7 6. Nc3 Nf6 7. e5 Nd5 8. Rb1 Nxc3 9. dxc3 Qc7 10. Bf4 f5 11. Bd3 Be7 12. Rg1 c4 13. Be2 Bd5 14. g4 fxg4 15. Rxg4 O-O 16. Bh6 Rf7 17. Qd2 Nc6 18. Bg5 Raf8 19. Nd4 h5 0-1